[Event "CFriend AP-2005-Q-00006 email"]
[Site "Chessfriend.com"]
[Date "2005.02.20"]
[Round "1"]
[White "McCaffrey, Mike"]
[Black "Ghisi, Stefano"]
[Result "0-1"]
[WhiteElo "720"]
[BlackElo "1525"]
[PlyCount "22"]
[EventDate "2005.??.??"]
[EventType "tourn (corr)"]
[EventRounds "12"]
[SourceTitle "Corr 2024"]
[Source "ChessBase"]
[SourceDate "2023.10.19"]
[SourceVersion "1"]
[SourceVersionDate "2023.10.19"]
[SourceQuality "1"]

1. d4 Nf6 2. c4 g6 3. Nc3 d5 4. cxd5 Nxd5 5. e4 Nxc3 6. bxc3 c5 7. Nf3 Bg7 8. Bd3 Nc6 9. e5 cxd4 10. cxd4 Nxd4 11. 0-0 0-0 0-1

[Event "CFriend AP-2005-Q-00006 email"]
[Site "Chessfriend.com"]
[Date "2005.02.20"]
[Round "1"]
[White "McCaffrey, Mike"]
[Black "Scacco, Mauro"]
[Result "0-1"]
[WhiteElo "720"]
[BlackElo "1849"]
[PlyCount "20"]
[EventDate "2005.??.??"]
[EventType "tourn (corr)"]
[EventRounds "12"]
[SourceTitle "Corr 2024"]
[Source "ChessBase"]
[SourceDate "2023.10.19"]
[SourceVersion "1"]
[SourceVersionDate "2023.10.19"]
[SourceQuality "1"]

1. d4 Nf6 2. c4 g6 3. Nc3 Bg7 4. e4 0-0 5. Nf3 d6 6. Be2 e5 7. d5 a5 8. 0-0 Na6 9. Bg5 h6 10. Be3 Ng4 0-1

[Event "CFriend AP-2005-Q-00006 email"]
[Site "Chessfriend.com"]
[Date "2005.02.20"]
[Round "1"]
[White "Yarmolyuk, Yury"]
[Black "McCaffrey, Mike"]
[Result "1-0"]
[WhiteElo "2141"]
[BlackElo "720"]
[PlyCount "25"]
[EventDate "2005.??.??"]
[EventType "tourn (corr)"]
[EventRounds "12"]
[SourceTitle "Corr 2024"]
[Source "ChessBase"]
[SourceDate "2023.10.19"]
[SourceVersion "1"]
[SourceVersionDate "2023.10.19"]
[SourceQuality "1"]

1. Nf3 Nf6 2. g3 d5 3. c4 g6 4. Bg2 c6 5. b3 Bg7 6. Bb2 Bg4 7. Ne5 0-0 8. Nxg4 Nxg4 9. Bxg7 Kxg7 10. e4 e6 11. Qxg4 Nd7 12. exd5 Nf6 13. Qf4 1-0